South Eastern Kenya University

Library Online Public Access Catalogue


The hormone survival guide for perimenopause : (Record no. 5297)

MARC details
000 -LEADER
fixed length control field 00640cam a22001694a 4500
020 ## - ISBN
International Standard Book Number 0974206709
050 00 - LIBRARY OF CONGRESS CALL NUMBER
Classification Number RG188
Item Number .J33 2004
100 1# - MAIN ENTRY--Author
Personal name Jackson, Nisha.
245 14 - TITLE
Title The hormone survival guide for perimenopause :
Remainder of title balance your hormones naturally /
Statement of responsibility, etc Nisha Jackson.
260 ## - PUBLICATION, DISTRIBUTION, ETC.(IMPRINT)
Place of publication, distribution, etc Santa Rosa, Calif. :
Name of publisher, distributor, etc Larkfield Pub.,
Date of publication, distribution, etc c2004.
300 ## - PHYSICAL DESCRIPTION
Extent xviii, 174 p. :
650 #0 - SUBJECT--TOPIC
General subdivision Hormone therapy
Form subdivision Popular works.
650 #0 - SUBJECT--TOPIC
General subdivision Alternative treatment
Form subdivision Popular works.
856 42 - URL/ELECTRONIC LOCATION AND ACCESS
Uniform Resource Identifier <a href="http://www.loc.gov/catdir/enhancements/fy1315/2003111292-b.html">http://www.loc.gov/catdir/enhancements/fy1315/2003111292-b.html</a>
856 42 - URL/ELECTRONIC LOCATION AND ACCESS
Uniform Resource Identifier <a href="http://www.loc.gov/catdir/enhancements/fy1315/2003111292-d.html">http://www.loc.gov/catdir/enhancements/fy1315/2003111292-d.html</a>
942 ## - ADDED ENTRY ELEMENTS(KOHA)
Source of classification or shelving scheme Library of Congress Classification
Koha item type General circulation
Holdings
Source of classification or shelving scheme Not for loan Location (home branch) Sublocation (holding branch) Shelving location Date accessioned Full call number Barcode Nonpublic note Koha item type
Library of Congress Classification   Main Campus Library Main Campus Library   06/07/2015 RG188 .J33 2004 2015/001160 jm General circulation
Kitui, Kenya.
+254736116989
library@seku.ac.ke